000 01232cam a2200313 4500
008 000000n2002 000 0 eng u
020 _a0632032030
035 _a(Sirsi) u109836
041 _aeng.
050 _a692.21
100 _aBillington, M. J.
245 _aMeans of escape from fire
260 _aOxford
_bBlackwell Science
_c2002
300 _axii,292p.
_bill.c26cm.
350 _a39.50
520 _aA useful reference for architects, surveyors and building control officers on the provision of an adequate means of escape from fire. Looks at: the legislation that applies to any particular building use; the general principles of designing a means of escape; andalternative design options. Also outlines fire safety management in premises in use.
650 _aMEANS OF ESCAPE
650 _aFIRE SAFETY ENGINEERING
650 _aFIRE RISK ASSESSMENT
650 _aMANAGEMENT-HEALTH AND SAFETY-FIRE SAFETY
650 _aBUILT ENVIRONMENT-CONSTRUCTION DESIGN
650 _aBUILDING REGULATIONS
_96224
650 _aBUILDING CONTROL
_96222
650 _aSTATUTORY REQUIREMENTS
690 _aBUILT ENVIRONMENT-BUILDING STANDARDS
700 _aFerguson, A.
700 _aCopping, A.G.
942 _n0
999 _c101004
_d101004